Demircihuyuk : die Ergebnisse der Ausgrabungen 1975-1978 /

Bibliographic Details
Corporate Author: Deutsches Archäologisches Institut
Other Authors: Korfmann, Manfred
Format: Book
Language:German
Published: Mainz am Rhein : P. von Zabern, [1983-]
Subjects:

MARC

Tag First Indicator Second Indicator Subfields
LEADER 00000cam a2200000 a 4500
001 in00000391921
005 20151011114540.0
008 840913m19839999gw ae b 00000 ger
010 |a  84213879  
020 |a 3805305672 (Bd. 1) :  |c DM280.00 
035 |a (OCoLC)12313523 
035 |9 ABS0630AM 
039 0 |a 2  |b 3  |c 3  |d 3  |e 3 
040 |a DLC  |c DLC  |d TXA  |d UtOrBLW 
041 0 |a ger  |b eng  |b tur 
043 |a a-tu--- 
049 |a TXAM  |d [  |v =Bd.  |p =pt.  |q = plates]  |v 1 [A08652882]  |v 1  |q 1 [A08652890]  |v 2 [A11102773]  |v 3  |p 1 [A11102820]  |v 3  |p 2 [A11675912]  |v 5 [A12436191] 
050 0 0 |a GN778.32.T9  |b D45 1983 
082 0 |a 956.1  |2 19 
245 0 0 |a Demircihuyuk :  |b die Ergebnisse der Ausgrabungen 1975-1978 /  |c herausgegeben von Manfred Korfmann. 
264 1 |a Mainz am Rhein :  |b P. von Zabern,  |c [1983-] 
264 4 |c ©1983- 
300 |a volumes :  |b illustrations ;  |c 36 cm. +  |e 1 portfolio of 17 folded plans. 
336 |a text  |b txt  |2 rdacontent 
337 |a unmediated  |b n  |2 rdamedia 
338 |a volume  |b nc  |2 rdacarrier 
500 |a At head of title: Deutsches Archaologisches Institut. 
500 |a Volume 1 has summaries in English and Turkish. 
504 |a Includes bibliographical references and indexes. 
505 1 |a Bd. 1. Architektur, Stratigraphie und Befunde / Manfred Korfmann. 
650 0 |a Bronze age  |z Turkey. 
650 0 |a Excavations (Archaeology)  |z Turkey. 
651 0 |a Demirci Mound (Turkey) 
651 0 |a Turkey  |x Antiquities. 
700 1 |a Korfmann, Manfred. 
710 2 |a Deutsches Archäologisches Institut. 
999 |a MARS 
999 f f |s 38cca2ce-fc4c-3aed-930d-bcb1c3c4a662  |i a75d01dc-ec89-3c50-847e-9f348aa00b6e  |t 0 
952 f f |p ric  |a Texas A&M University  |b Rellis Campus  |c Joint Library Facility  |d Remote Storage  |t 0  |e GN778.32.T9 D45 1983  |f Oversize  |h Library of Congress classification  |i unmediated -- volume  |k v.3:pt.2  |m A14811675912 
952 f f |p ric  |a Texas A&M University  |b Rellis Campus  |c Joint Library Facility  |d Remote Storage  |t 0  |e GN778.32.T9 D45 1983  |f Oversize  |h Library of Congress classification  |i unmediated -- volume  |k v.1  |m A14808652882 
952 f f |p ric  |a Texas A&M University  |b Rellis Campus  |c Joint Library Facility  |d Remote Storage  |t 0  |e GN778.32.T9 D45 1983  |f Oversize  |h Library of Congress classification  |i unmediated -- volume  |k v.3:pt.1  |m A14811102820 
952 f f |p ric  |a Texas A&M University  |b Rellis Campus  |c Joint Library Facility  |d Remote Storage  |t 0  |e GN778.32.T9 D45 1983  |f Oversize  |h Library of Congress classification  |i unmediated -- volume  |k Bd.5  |m A14812436191 
952 f f |p ric  |a Texas A&M University  |b Rellis Campus  |c Joint Library Facility  |d Remote Storage  |t 0  |e GN778.32.T9 D45 1983  |f Oversize  |h Library of Congress classification  |i unmediated -- volume  |k v.1:Plates  |m A14808652890 
952 f f |p ric  |a Texas A&M University  |b Rellis Campus  |c Joint Library Facility  |d Remote Storage  |t 0  |e GN778.32.T9 D45 1983  |f Oversize  |h Library of Congress classification  |i unmediated -- volume  |k v.2  |m A14811102773 
998 f f |a GN778.32.T9 D45 1983  |s Bd.2,Bd.3 pt.1-2,Bd.5  |t 0  |l Remote Storage